Statistiques concernant 100 Meilleurs Footballeurs Masculins 2022

Cliquez ici pour prendre le quiz!

Statistiques générales

  • Ce quiz a été pris 1 046 fois
  • Le résultat moyen est 44 sur 100

Statistiques - réponses

#ClubJoueur% Correct
2Paris Saint-GermainKylian Mbappé
99%
1Paris Saint-GermainLionel Messi
99%
4Manchester CityErling Haaland
94%
3Real MadridKarim Benzema
94%
12Paris Saint-GermainNeymar
90%
51Al NassrCristiano Ronaldo
88%
10LiverpoolMohamed Salah
88%
8Real MadridVinícius Júnior
88%
6Manchester CityKevin De Bruyne
87%
5Real MadridLuka Modric
87%
13Tottenham HotspurHarry Kane
86%
17Atlético MadridAntoine Griezmann
84%
7BarcelonaRobert Lewandowski
82%
9Real MadridThibaut Courtois
80%
11Bayern MunichSadio Mané
73%
14Borussia DortmundJude Bellingham
72%
39Real MadridToni Kroos
71%
26Tottenham HotspurSon Heung-min
68%
29Manchester CityBernardo Silva
66%
30AC MilanOlivier Giroud
65%
19BarcelonaPedri
64%
93Real MadridRodrygo
64%
53Manchester CityRodri
62%
75ChelseaThiago Silva
61%
23AC MilanRafael Leão
59%
16Paris Saint-GermainAchraf Hakimi
57%
54Manchester CityEderson
57%
37BarcelonaGavi
57%
70Inter MilanLautaro Martínez
57%
58Manchester UnitedMarcus Rashford
57%
20Aston VillaEmiliano Martínez
56%
81Manchester UnitedLisandro Martínez
55%
22ArsenalBukayo Saka
54%
27LiverpoolVirgil van Dijk
54%
41Bayern MunichJoshua Kimmich
52%
98Bayern MunichLeroy Sané
52%
91Bayern MunichManuel Neuer
52%
24Manchester CityPhil Foden
51%
44Manchester CityRúben Dias
51%
46AC MilanTheo Hernández
51%
52NapoliVictor Osimhen
51%
15Manchester UnitedCasemiro
49%
33RB LeipzigCristopher Nkunku
48%
65Paris Saint-GermainMarquinhos
48%
34LiverpoolAlisson
47%
56Real MadridAntonio Rüdiger
47%
28Manchester UnitedBruno Fernandes
46%
45Real MadridAurélien Tchouaméni
45%
42Real MadridDavid Alaba
44%
84Manchester CityKyle Walker
44%
69BarcelonaOusmane Dembélé
44%
67Real MadridÉder Militão
43%
38JuventusÁngel Di María
42%
18Real MadridFederico Valverde
42%
76TottenhamHugo Lloris
41%
62ArsenalGabriel Jesus
39%
35ArsenalMartin Ødegaard
39%
55Manchester CityIlkay Gündogan
38%
85Manchester UnitedRaphaël Varane
38%
82LiverpoolDarwin Núñez
37%
25Bayern MunichJamal Musiala
36%
57Manchester CityRiyad Mahrez
36%
60LiverpoolTrent Alexander-Arnold
36%
74AC MilanMike Maignan
35%
86Bayern MunichDayot Upamecano
33%
89BarcelonaFrenkie de Jong
33%
95Bayern MunichSerge Gnabry
33%
32Manchester CityJulián Álvarez
32%
36Manchester CityJoão Cancelo
31%
64Bayern MunichAlphonso Davies
30%
97LiverpoolAndrew Robertson
30%
66JuventusDusan Vlahovic
29%
21BenficaEnzo Fernández
28%
59LiverpoolLuis Díaz
27%
87LazioCiro Immobile
24%
43SevillaYassine ‘Bono’ Bounou
22%
88West HamDeclan Rice
20%
77LiverpoolFabinho
20%
73Inter MilanNicoló Barella
20%
47BrightonAlexis Mac Allister
18%
31RB LeipzigJosko Gvardiol
18%
96AC MilanSandro Tonali
17%
40NapoliKhvicha Kvaratskhelia
16%
79AngersAzzedine Ounahi
14%
50LiverpoolCody Gakpo
14%
48Atlético MadridRodrigo De Paul
14%
49FiorentinaSofyan Amrabat
13%
90NewcastleBruno Guimarães
12%
72TottenhamCristian Romero
10%
61TottenhamRicharlison
10%
83FulhamAleksandar Mitrovic
9%
80ChelseaKalidou Koulibaly
8%
68Inter MilanMarcelo Brozovic
8%
100BenficaNicolás Otamendi
8%
94ChelseaReece James
8%
71Dinamo ZagrebDominik Livakovic
7%
78PortoMehdi Taremi
7%
63ChelseaHakim Ziyech
6%
99FlamengoGabriel Barbosa
4%
92FlamengoGiorgian de Arrascaeta
1%

Distribution des résultats

Percentile par nombre de réponses

% des personnes avec chaque résultat

Votre développement - résultats

Vous n’avez pas pris ce quiz